Estudio de prefactibilidad para la adición de un sistema de recuperación de plata a partir de las soluciones químicas utilizadas en el revelado de película fotográfica en un laboratorio fotográfico
Guardado en:
| Autor principal: | |
|---|---|
| Formato: | Libro |
| Publicado: |
San José, C.R
2003
|
| Materias: | |
| Etiquetas: |
Agregar Etiqueta
Sin Etiquetas, Sea el primero en etiquetar este registro!
|
MARC
| LEADER | 00000nam a2200000Ia 4500 | ||
|---|---|---|---|
| 003 | 009232 | ||
| 005 | 20221231144145.0 | ||
| 008 | 140114s2003 cr m 000 ||s d | ||
| 040 | |c cru CEDI | ||
| 090 | |a TFG 4771 | ||
| 100 | |a Secades Méndez, Valentín G. |9 6839 | ||
| 245 | |a Estudio de prefactibilidad para la adición de un sistema de recuperación de plata a partir de las soluciones químicas utilizadas en el revelado de película fotográfica en un laboratorio fotográfico | ||
| 260 | |c 2003 |a San José, C.R | ||
| 300 | |a vi, 118 hojas : ilustraciones | ||
| 500 | |a Proyecto de graduación (licenciatura en ingeniería química)--Universidad de Costa Rica. Facultad de Ingeniería. Escuela de Ingeniería Química | ||
| 650 | |x PLATA |x EXTRACCION (QUIMICA) |x PELICULAS FOTOGRAFICAS |x HALUROS |x ELECTROQUIMICA |x RESIDUOS PELIGROSOS |x AGUAS RESIDUALES |x CONTROL AMBIENTAL |x PURIFICACION DE AGUAS RESIDUALES |9 6840 | ||
| 942 | |c TFG | ||
| 999 | |c 17712 |d 17712 | ||
